VFB Stuttgart 2025/2026 Kader - Statistiken

Allgemein
  • Dieses Quiz wurde 67 mal gespielt
  • Das Durchschnittsergebnis liegt bei 17 aus 25
Antwortstatistiken
Position Land Trikotnummer Alter Spieler % Korrekt
Tw Deutschland 33 29 Nübel Alexander
98%
Att Deutschland 26 29 Undav Deniz
90%
Att Bosnien 9 28 Demirović Ermedin
84%
Mit Türkei 16 29 Karazor Atakan
84%
Mit Deutschland 6 25 Stiller Angelo
84%
Ver Deutschland 24 28 Chabot Jeff
83%
Ver Deutschland 7 29 Mittelstädt Maximilian
83%
Att Deutschland 10 28 Führich Chris
79%
Ver Deutschland 29 19 Jeltsch Finn
79%
Ver Niederlande 3 24 Hendriks Ramon
78%
Att Deutschland 18 25 Leweling Jamie
76%
Mit Marokko 11 21 El Khannouss Bilal
74%
Ver Deutschland 4 25 Vagnoman Josha
74%
Trainer Deutschland -------------------- 43 Hoeneß Sebastian
72%
Mit Spanien 30 20 Andrés Chema
71%
Att Portugal 8 23 Tomás Tiago
71%
Ver Dänemark 28 26 Nartey Nikolas
64%
Ver Frankreich 22 25 Assignon Lorenz
62%
Ver Frankreich 23 26 Zagadou Dan-Axel
62%
Ver Deutschland 15 30 Stenzel Pascal
55%
Ver Schweiz 14 22 Jaquez Luca
53%
Att Algerien 27 21 Bouanani Badredine
45%
Ver Belgien 2 24 al-Dakhil Ameen
41%
Mit Serbien 45 19 Jovanović Lazar
34%
Att Ecuador 25 21 Jeremy Arevalo
33%
Keine übereinstimmenden Quizze gefunden
Verteilung der Resultate
Anzahl Personen mit jedem Resultat
Perzentil nach korrekt beantworteten Fragen
Ihre Resultats-Entwicklung
Sie haben dieses Quiz noch nicht gespielt